Katy Perry - Paroles Firework - Statistiques

Statistiques générales
  • Ce quiz a été pris 71 fois
  • Le résultat moyen est 221 sur 364
Statistiques - réponses
Hint Réponse % Correct
a
98%
you
98%
you?
98%
Couplet 2 | Pré-refrain You
98%
you,
98%
like
94%
Like
94%
the
90%
baby,
88%
Baby,
88%
Couplet 1 Do
88%
firework
88%
"Oh,
88%
oh,
88%
oh"
88%
feel
86%
feel,
86%
ever
84%
your
84%
on,
80%
you're
80%
You're
80%
And
76%
go,
76%
just
76%
Just
76%
'Cause
74%
it
74%
let
74%
light
74%
night
74%
plastic
74%
shine
74%
to
74%
Come
72%
July
72%
of
72%
thin
72%
bag
70%
Fourth
70%
in?
68%
in
68%
when
64%
so
60%
So
60%
wind,
60%
Make
58%
be
54%
start
52%
again?
50%
Bridge | Outro Boom,
50%
boom,
50%
boom
50%
'em
50%
Even
50%
hear
50%
paper
50%
through
50%
already
48%
know
48%
moon,
48%
moon
48%
no
48%
sky
48%
are
46%
deep?
46%
don't
46%
for
46%
have
46%
what
46%
but
44%
show
44%
there's
44%
Drifting
42%
gonna
42%
Six
42%
blow
40%
from
40%
ignite
40%
one
40%
under
40%
worth
40%
brighter
38%
gotta
38%
leave
38%
own
38%
cards,
36%
colors
36%
feet
36%
house
36%
it's
36%
It's
36%
seems
36%
than
36%
that
36%
thing
36%
all
34%
cavin'
34%
still
34%
why
34%
burst
32%
cannot
32%
chance
32%
If
32%
spark
32%
time,
32%
time
32%
wanting
32%
As
30%
buried
30%
hurricane
30%
original,
30%
rainbow
30%
across
28%
replaced
28%
perfect
26%
shoot
26%
After
24%
comes
24%
knew
24%
Maybe
24%
now
24%
only
24%
reason
24%
heart
22%
screams,
22%
space
22%
always
20%
been
20%
future
20%
waste
20%
will
20%
could
18%
you'll
18%
closed
16%
doors
16%
holds
16%
lightning
16%
open
16%
inside
14%
road
14%
awe,
12%
awe
12%
bolt,
12%
glow
10%
leads
10%
Aucun quiz correspondant
Distribution des résultats
% des personnes avec chaque résultat
Percentile par nombre de réponses
Votre historique - résultats
Vous n’avez pas pris ce quiz